All 1k+ Towns and Cities of England in 1662 - Statistics

General Stats
  • This quiz has been taken 704 times
  • The average score is 78 of 312
Answers on the Map
Answers color-coded by a green-red scale on the quiz's map according to % correct below.
 
Answer Stats
Population Cities % Correct
310,941 London
97%
2,356 Manchester
91%
14,201 York
90%
1,210 Liverpool
89%
13,482 Bristol
88%
1,411 Cardiff
88%
11,065 Oxford
88%
1,180 Newcastle-under-Lyme
87%
11,617 Newcastle upon Tyne
87%
10,574 Cambridge
85%
2,745 Birmingham
84%
3,501 Leeds
83%
3,014 Leicester
82%
14,216 Norwich
82%
4,000 Plymouth
81%
6,600 Kingston upon Hull
80%
4,264 Nottingham
79%
2,100 Southampton
78%
4,233 Gloucester
76%
4,305 Lincoln
76%
5,007 Portsmouth
76%
1,381 Swansea
76%
5,849 Chester
75%
2,050 Sheffield
74%
2,652 Bath
72%
2,140 Derby
72%
9,774 Ipswich
72%
2,959 Northampton
72%
10,307 Exeter
71%
7,046 Worcester
71%
3,000 Brighton
70%
4,299 Dover
70%
7,671 Canterbury
68%
6,427 Coventry
66%
1,840 Reading
64%
6,647 Colchester
63%
2,223 Durham
62%
1,880 Newport
62%
1,690 Newport Pagnell
62%
4,048 Winchester
61%
3,860 Carlisle
60%
2,476 Hereford
60%
2,130 Bedford
57%
2,010 Wolverhampton
57%
1,147 Sunderland
56%
4,680 Bradford-on-Avon
54%
2,660 Peterborough
52%
2,680 Boston
51%
2,710 Warwick
51%
1,150 Luton
50%
6,811 Salisbury
50%
2,886 Wrexham
50%
1,730 Hastings
49%
6,867 Shrewsbury
48%
1,430 Stafford
48%
1,540 Buckingham
47%
1,700 Preston
47%
1,098 Truro
47%
9,248 Yarmouth
47%
1,830 Bolton
46%
1,760 Doncaster
45%
5,007 Lynn
44%
2,580 Berwick-upon-Tweed
43%
1,460 Bury
43%
4,264 Bury St Edmunds
43%
1,310 Hertford
43%
2,220 Kingston upon Thames
43%
1,075 Pembroke
43%
2,180 Scarborough
43%
2,640 St Albans
43%
3,170 Chelmsford
41%
3,026 Ely
41%
2,721 Monmouth
39%
4,616 Rochester
39%
1,520 Stratford-upon-Avon
39%
2,130 Chichester
38%
3,703 Maidstone
38%
2,500 Greenwich
37%
1,950 Wigan
37%
2,983 Gateshead
36%
1,120 | 1,480 St Ives
36%
1,060 Salford
35%
1,720 Windsor
35%
1,340 Chesterfield
34%
2,300 Taunton
34%
1,492 Caernarfon
33%
1,480 Croydon
33%
1,403 Darlington
33%
1,970 Halifax
33%
1,303 Stockport
33%
1,879 Brecknock
31%
1,170 Margate
31%
1,100 | 1,380 Richmond
31%
1,760 Wakefield
31%
1,700 Warrington
31%
1,690 Dorchester
30%
1,980 Whitby
30%
1,290 Mansfield
28%
1,400 Wells-next-the-Sea
28%
1,540 Guildford
27%
1,198 Stockton-on-Tees
27%
2,068 Wells
27%
2,510 West Ham
27%
1,370 Basingstoke
26%
1,300 Exmouth
26%
5,730 Kendal
26%
1,400 Aylesbury
25%
1,000 High Wycombe
25%
2,490 Macclesfield
25%
1,000 Weymouth
25%
3,180 Beverley
24%
1,620 Dudley
24%
2,305 Lichfield
24%
2,320 Barnstaple
23%
2,760 Cirencester
23%
1,440 Ripon
23%
3,958 Sandwich
23%
1,460 Walsall
23%
1,850 Chatham
22%
1,500 Loughborough
21%
2,690 Newark-on-Trent
21%
1,780 Newbury
21%
2,150 Stamford
21%
1,250 | 1,300 Tamworth
21%
1,330 West Bromwich
21%
1,090 Ashford
20%
1,866 Carmarthen
20%
1,280 Dartford
20%
2,020 Dartmouth
20%
5,224 Lambeth
20%
1,113 Neath
20%
1,140 Penrith
20%
1,530 Grantham
19%
1,580 Kidderminster
19%
1,290 Nuneaton
19%
1,260 Thetford
19%
1,500 Bridlington
18%
1,940 Deal
18%
3,023 Frome
18%
1,410 Glastonbury
18%
1,100 Gosport
18%
1,280 Gravesend
18%
1,220 Braintree
17%
1,300 Kettering
17%
1,800 Andover
16%
2,760 Nantwich
16%
2,150 Tewkesbury
16%
2,080 Tiverton
16%
1,340 Abingdon
15%
1,000 Enfield
15%
1,104 Jarrow
15%
2,040 Ludlow
15%
1,110 Minehead
15%
1,040 Oakham
15%
1,270 Sutton Coldfield
15%
1,000 Brentford
14%
1,500 Chepstow
14%
1,050 Harwich
14%
1,460 Leominster
14%
2,050 Spalding
14%
1,020 Waltham Abbey
14%
2,238 Waltham Cross
14%
1,574 Bridgwater
13%
1,470 Henley-on-Thames
13%
1,220 Honiton
13%
1,060 Lyme Regis
13%
1,340 Newton Abbot
13%
1,340 Totnes
13%
1,777 Abergavenny
12%
1,920 Ashton-under-Lyne
12%
1,320 Farnham
12%
1,913 Haverfordwest
12%
1,090 Matlock
12%
1,020 Sidmouth
12%
1,135 Wellington
12%
1,130 Woolwich
12%
1,341 Battersea
11%
1,010 Devizes
11%
1,010 Gainsborough
11%
1,090 Horsham
11%
1,510 Marlborough
11%
1,450 Melton Mowbray
11%
1,750 Sudbury
11%
2,160 Wellingborough
11%
2,320 Wisbech
11%
2,310 Bromsgrove
10%
1,250 Daventry
10%
1,160 Diss
10%
1,870 Kirkby Lonsdale
10%
1,670 Kirkby Stephen
10%
1,010 Maldon
10%
1,210 Malton
10%
1,440 Pontefract
10%
1,160 Selby
10%
1,000 St Neots
10%
1,410 Tavistock
10%
1,421 Wandsworth
10%
1,330 Axminster
9%
4,386 Bermondsey
9%
1,040 Evesham
9%
1,630 Faversham
9%
1,000 Hatfield
9%
1,070 Hatfield Broad Oak
9%
1,090 Ilford
9%
1,090 Keighley
9%
1,290 Launceston
9%
1,280 Louth
9%
1,800 Marlow
9%
1,170 Pickering
9%
1,850 Saffron Walden
9%
1,600 Uttoxeter
9%
1,022 Walton-on-Thames
9%
1,290 Ware
9%
1,110 Witney
9%
1,032 Clapham
8%
1,840 Congleton
8%
6,919 Deptford
8%
1,070 Droitwich
8%
1,110 Leighton Buzzard
8%
1,340 March
8%
1,240 Padstow
8%
1,110 Stowmarket
8%
1,190 Towcester
8%
1,010 Barton-upon-Humber
7%
1,660 Beccles
7%
1,750 Bridgnorth
7%
2,720 Crediton
7%
1,160 Romsey
7%
1,160 Witham
7%
2,290 Wymondham
7%
1,400 East Dereham
6%
1,030 Shaftesbury
6%
1,090 Sleaford
6%
1,104 Walthamstow
6%
2,550 Warminster
6%
1,792 Whitchurch
6%
1,690 Ambleside
5%
1,070 Bungay
5%
1,350 Burton upon Trent
5%
1,130 Guisborough
5%
1,210 Penryn
5%
1,030 Ringwood
5%
2,101 Rotherhithe
5%
1,118 Ruthin
5%
1,100 Southwell
5%
1,370 Torrington
5%
1,380 Woodbridge
5%
1,190 Ashburton
4%
1,350 Bewdley
4%
1,090 Dalton-in-Furness
4%
1,000 Dursley
4%
1,240 Godmanchester
4%
1,130 Lavenham
4%
1,070 Market Drayton
4%
1,580 Mildenhall
4%
1,020 Moretonhampstead
4%
1,280 North Walsham
4%
1,700 Sherborne
4%
1,480 Topsham
4%
1,220 Wadebridge
4%
1,130 Atherstone
3%
1,110 Chipping Campden
3%
1,130 Dedham
3%
1,640 Dunmow
3%
1,090 Egham
3%
1,880 Hadleigh
3%
1,122 Llanrwst
3%
1,200 Newent
3%
1,220 Olney
3%
1,890 Ottery St Mary
3%
1,570 Oundle
3%
1,030 Princes Risborough
3%
1,370 Ramsey
3%
1,020 Sedbergh
3%
1,783 Shepton Mallet
3%
1,400 Soham
3%
1,160 St Germans
3%
1,100 Tetbury
3%
1,410 Thaxted
3%
1,980 Whittlesey
3%
1,910 Wirksworth
3%
1,010 Alford
2%
1,950 Coggeshall
2%
1,220 Cranbrook
2%
1,190 Cullompton
2%
1,130 Halstead
2%
1,500 Hawkhurst
2%
1,030 Holbeach
2%
1,129 Langley
2%
1,419 Mortlake
2%
1,080 Stow-on-the-Wold
2%
1,400 Stratton
2%
1,530 Bocking
1%
1,670 Colyton
1%
1,160 Goudhurst
1%
1,180 Kingsclere
1%
1,050 Kings Norton
1%
1,180 Melcombe Regis
1%
1,010 Mitchell
1%
1,079 North Petherton
1%
1,010 Orton
1%
1,100 Rothwell
1%
1,070 Sawbridgeworth
1%
1,280 South Petherton
1%
1,070 Tideswell
1%
1,210 Bisley
0%
1,020 Brewood
0%
1,430 Burwash
0%
1,406 Newington
0%
No matching quizzes found
Score Distribution
Percent of People with Each Score
Percentile by Number Answered
Your Score History
You have not taken this quiz